Antes del Chile actual : la década del 60' /

El ensayo propone un análisis del desarrollo político y social durante la década de los 60, señalada en el texto como una “fiesta de participación popular”. Además, el sociólogo reflexiona sobre las características de un período considerado crucial para la comprensión de la última parte del XX y el...

Full description

Bibliographic Details
Main Author: Moulian, Tomás
Format: Libro
Language:Spanish
Published: Santiago, Chile Mutante Editores 2014
Subjects:
Online Access:

MARC

LEADER 00000cam a2200000 a 4500
001 023863
003 UAHC_CL
005 20170803122316.0
008 150311s2014 cl 000 spa
020 |a 9789569217043 
040 |a UAHC_CL  |c UAHC_CL  |d UAHC_CL 
082 0 4 |a 983.064  |b M9266  |2 23 
100 1 |a Moulian, Tomás 
245 1 0 |a Antes del Chile actual :  |b la década del 60' /  |c Tomás Moulian. 
260 |b Mutante Editores  |a Santiago, Chile  |c 2014 
300 |a 225 p. 
520 |a El ensayo propone un análisis del desarrollo político y social durante la década de los 60, señalada en el texto como una “fiesta de participación popular”. Además, el sociólogo reflexiona sobre las características de un período considerado crucial para la comprensión de la última parte del XX y el inicio del siglo XXI. Al respecto, el historiador Manuel Fernández Gaete señaló que “Antes del Chile actual nos muestra una interesante tesis madurada con el correr de los análisis, que tensiona aquellos lugares aceptados como explicación del “quiebre de la democracia”. El texto de invita al lector a una reflexión histórica y se instaura como una referencia a la hora de reflexionar sobre el Chile actual y sus posibles alternativas políticas. 
651 4 |a Chile  |x Historia  |y 1960- 
651 4 |a Chile  |x Condiciones sociales  |y 1960- 
651 4 |a Chile  |x Política y gobierno  |y 1960- 
653 |a SOCIOLOGIA 
900 |a 983.064 MOU 
942 |c BK 
952 |0 0  |1 0  |4 0  |6 983_064000000000000_MOU  |7 0  |8 General  |9 47951  |a BC  |b BC  |c General  |d 2017-08-03  |l 0  |o 983.064 MOU  |p 1421595  |r 2026-01-13 00:00:00  |t 1  |w 2017-08-03  |y BK 
952 |0 0  |1 0  |4 0  |6 983_064000000000000_MOU  |7 0  |8 General  |9 47952  |a BC  |b BC  |c General  |d 2017-08-03  |l 0  |o 983.064 MOU  |p 2175  |r 2026-01-13 00:00:00  |t 2  |w 2017-08-03  |y BK 
999 |c 23863  |d 23863